<?xml version="1.0" encoding="UTF-8"?>
<record
    xmlns:xsi="http://www.w3.org/2001/XMLSchema-instance"
    xsi:schemaLocation="http://www.loc.gov/MARC21/slim http://www.loc.gov/standards/marcxml/schema/MARC21slim.xsd"
    xmlns="http://www.loc.gov/MARC21/slim">

  <leader>01085nam a22003375a 4500</leader>
  <controlfield tag="001">1676215</controlfield>
  <controlfield tag="003">OSt</controlfield>
  <controlfield tag="005">20220504082524.0</controlfield>
  <controlfield tag="008">210416s2020           gr     000 0dspa d</controlfield>
  <datafield tag="020" ind1=" " ind2=" ">
    <subfield code="a">9789585586390 (volumen)</subfield>
  </datafield>
  <datafield tag="020" ind1=" " ind2=" ">
    <subfield code="a">9789585586321 (colecci&#xF3;n)</subfield>
  </datafield>
  <datafield tag="040" ind1=" " ind2=" ">
    <subfield code="a">CO-BoBLA </subfield>
    <subfield code="b">spa </subfield>
    <subfield code="c">CO-BoBLA </subfield>
    <subfield code="e">rda</subfield>
  </datafield>
  <datafield tag="041" ind1="0" ind2=" ">
    <subfield code="a">spa</subfield>
  </datafield>
  <datafield tag="043" ind1=" " ind2=" ">
    <subfield code="a">s-ck---</subfield>
  </datafield>
  <datafield tag="082" ind1="0" ind2="4">
    <subfield code="a">303.44 </subfield>
    <subfield code="b">O77r </subfield>
  </datafield>
  <datafield tag="100" ind1="1" ind2=" ">
    <subfield code="a">Ortiz Cassiani, Javier, </subfield>
    <subfield code="d">1971-</subfield>
  </datafield>
  <datafield tag="245" ind1="1" ind2="0">
    <subfield code="a">Resiliencia / </subfield>
    <subfield code="c">Javier Ortiz Cassianni, Gilmer Mesa, Cristian Valencia.</subfield>
  </datafield>
  <datafield tag="264" ind1=" " ind2="4">
    <subfield code="a">[Bogot&#xE1;] : </subfield>
    <subfield code="b">Comisi&#xF3;n de la Verdad, Rey Naranjo, </subfield>
    <subfield code="c">2020.</subfield>
  </datafield>
  <datafield tag="300" ind1=" " ind2=" ">
    <subfield code="a">54 p&#xE1;ginas ; </subfield>
    <subfield code="c">18 cm.</subfield>
  </datafield>
  <datafield tag="336" ind1=" " ind2=" ">
    <subfield code="a">texto </subfield>
    <subfield code="b">txt [</subfield>
    <subfield code="2">rdacontent]</subfield>
  </datafield>
  <datafield tag="337" ind1=" " ind2=" ">
    <subfield code="a">sin mediaci&#xF3;n </subfield>
    <subfield code="b">n [</subfield>
    <subfield code="2">rdamedia]</subfield>
  </datafield>
  <datafield tag="338" ind1=" " ind2=" ">
    <subfield code="a">volumen </subfield>
    <subfield code="b">nc [</subfield>
    <subfield code="2">rdacarrier]</subfield>
  </datafield>
  <datafield tag="490" ind1="1" ind2=" ">
    <subfield code="a">Futuro en Tr&#xE1;nsito</subfield>
  </datafield>
  <datafield tag="650" ind1=" " ind2="4">
    <subfield code="a">Resiliencia (Psicolog&#xFFFD;a)</subfield>
  </datafield>
  <datafield tag="650" ind1=" " ind2="4">
    <subfield code="a">Soluci&#xFFFD;n de conflictos</subfield>
    <subfield code="z"> Colombia.</subfield>
  </datafield>
  <datafield tag="650" ind1=" " ind2="4">
    <subfield code="a">V&#xFFFD;ctimas de la violencia</subfield>
    <subfield code="z"> Colombia.</subfield>
  </datafield>
  <datafield tag="700" ind1="1" ind2="2">
    <subfield code="a">Mesa, Gilmer, </subfield>
    <subfield code="d">1978-</subfield>
  </datafield>
  <datafield tag="700" ind1="1" ind2="2">
    <subfield code="a">Valencia, Cristian, </subfield>
    <subfield code="d">1963-</subfield>
  </datafield>
  <datafield tag="942" ind1=" " ind2=" ">
    <subfield code="2">ddc</subfield>
    <subfield code="c">BK</subfield>
  </datafield>
  <datafield tag="949" ind1=" " ind2=" ">
    <subfield code="a"> c     </subfield>
    <subfield code="b"> c</subfield>
  </datafield>
  <datafield tag="999" ind1=" " ind2=" ">
    <subfield code="c">14161</subfield>
    <subfield code="d">14161</subfield>
  </datafield>
  <datafield tag="952" ind1=" " ind2=" ">
    <subfield code="0">0</subfield>
    <subfield code="1">0</subfield>
    <subfield code="2">ddc</subfield>
    <subfield code="4">0</subfield>
    <subfield code="7">0</subfield>
    <subfield code="a">BPMOS</subfield>
    <subfield code="b">BPMOS</subfield>
    <subfield code="d">2022-05-04</subfield>
    <subfield code="e">Dotaci&#xF3;n</subfield>
    <subfield code="l">0</subfield>
    <subfield code="o">303.44  O77r </subfield>
    <subfield code="p">MOS502194</subfield>
    <subfield code="r">2022-05-04</subfield>
    <subfield code="t">Ej 1</subfield>
    <subfield code="w">2022-05-04</subfield>
    <subfield code="y">BK</subfield>
    <subfield code="z">Ocho dias</subfield>
  </datafield>
</record>
